Loading...
Literature - American Literature | 3 | 5 | 0 | 1 | 95 | 51 | 82.00 | 4 | 8 |
Literature - European Literature | 3 | 2 | 2 | 0 | 55 | 66 | 90.60 | 3 | 5 |
Literature - British Literature | 1 | 4 | 0 | 1 | 55 | 50 | 98.40 | 2 | 5 |
World and Other Literature | 2 | 2 | 0 | 0 | 50 | 50 | 88.25 | 3 | 4 |
Science - Physics | 0 | 4 | 0 | 1 | 40 | 84 | 103.25 | 3 | 4 |
Philosophy | 2 | 1 | 2 | 0 | 30 | 24 | 77.00 | 3 | 3 |
History - American History | 1 | 1 | 0 | 0 | 25 | 62 | 71.00 | 1 | 2 |
Fine Arts - Auditory Fine Arts | 0 | 3 | 1 | 0 | 25 | 92 | 121.67 | 1 | 3 |
Ancient History and Archaeology | 0 | 2 | 0 | 2 | 20 | 127 | 132.50 | 0 | 2 |
Other Arts: Visual | 0 | 1 | 0 | 0 | 10 | 107 | 107.00 | 1 | 1 |
Other Science: Earth Science | 0 | 1 | 0 | 0 | 10 | 150 | 150.00 | 0 | 1 |
Science - Biology | 0 | 1 | 0 | 0 | 10 | 122 | 122.00 | 0 | 1 |
Social Science | 0 | 1 | 0 | 0 | 10 | 99 | 99.00 | 0 | 1 |
Other Arts: Auditory | 0 | 1 | 0 | 0 | 10 | 146 | 146.00 | 0 | 1 |
History - World History | 0 | 1 | 0 | 0 | 10 | 139 | 139.00 | 0 | 1 |
Current Events | 0 | 1 | 0 | 0 | 10 | 105 | 105.00 | 1 | 1 |
Beliefs | 0 | 1 | 0 | 0 | 10 | 91 | 91.00 | 0 | 1 |
Other Academic | 0 | 1 | 0 | 1 | 10 | 122 | 122.00 | 0 | 1 |
Fine Arts - Visual Fine Arts | 0 | 0 | 2 | 0 | -10 | 0.00 | 0 | 0 |